| 000 | 00320nam a2200121 i 4500 | ||
|---|---|---|---|
| 001 | 190304 | ||
| 003 | ES-MaACL | ||
| 005 | 20230906223709.0 | ||
| 008 | 201104s1883 sp |||| | spa d | ||
| 245 | 0 | 3 |
_aLa Tribuna de Madrid _b: 8 de febrero de 1883. |
| 260 |
_a[S.l. : _bs.n., _c1883?] |
||
| 852 |
_aES-MaACL _jT-403-F-14 |
||
| 999 |
_c190304 _d190304 |
||